000 00692nam a2200193Ii 4500
003 JO-AjNU
008 230605s9999||||xx |||||||||||||| ||und||
040 _aJO-AjNU
_bara
_erda
_cJO-AjNU
041 _aara
050 1 4 _aBF431.1966
100 3 _aخير الله، سيد محمد ؛ زيدان،محمد مصطفى ، شوكت،محمود حامد مراجعة وتقديم,
_eauthor
_938351
245 0 0 _aالقدرات و مقاييسها
264 3 1 _aد.م:مكتبة الانجلو المصرية ، 1966
300 _a326ص
336 _atext
_btxt
_2rdacontent
337 _aunmediated
_bn
_2rdamedia
338 _avolume
_bnc
_2rdacarrier
650 4 _aقدرات عقلية
_938352
999 _aA16105
_c19673
_d19673